| 000 | 00926nam a22003137a 4500 | ||
|---|---|---|---|
| 001 | BR2014007026 | ||
| 003 | BR-BrBNA | ||
| 005 | 20230928104522.0 | ||
| 007 | ta | ||
| 008 | 230509b bl.||||| |||| 00| 0 por d | ||
| 040 |
_aBR-BrBNA _bpor _cBiblioteca Nacional de Agricultura |
||
| 041 | _a(Por) | ||
| 072 |
_aT01 _b3200 _b3866 |
||
| 090 | _ 3200 BR2014007026 | ||
| 100 | 1 | _aBorin, A.L.D.C. | |
| 110 | 1 |
_aUniversidade Federal de Lavras, MG (Brasil) _0Tese (Doutorado) |
|
| 245 | 1 | _aFitorremediação de cádmio e zinco por Amaranthaceae | |
| 260 | 3 |
_aLavras, MG (Brasil): _c2010. |
|
| 300 | _a169 p. | ||
| 500 | _aSummaries (Eng, Por); Includes several bibliographies; 24 illus.; 16 tables | ||
| 650 | _aPOLUICAO | ||
| 650 | _aRECUPERACAO DO SOLO | ||
| 650 | _aAMARANTHACEAE | ||
| 650 | _aMETAL PESADO | ||
| 650 | _aCONTAMINACAO | ||
| 650 | _aZINCO | ||
| 909 |
_a202309 _bLucia _c55 _dLucia Elande |
||
| 942 | _cBK | ||
| 999 |
_c80363 _d80363 |
||